| 000 | 00487 a2200133 4500 | ||
|---|---|---|---|
| 020 | _a1405100354 (hardback : alk. paper) | ||
| 082 | _a624.1821 JOH | ||
| 100 | _aJohnson, R. P. | ||
| 245 |
_aComposite structures of steel and concrete : _bbeams, slabs, columns, and frames for buildings / _cR.P. Johnson. |
||
| 260 |
_aMalden, MA : _bBlackwell Pub., _cc2004. |
||
| 300 |
_axviii, 230 p. : _bill. ; _c24 cm. |
||
| 650 | _aComposite construction. | ||
| 650 | _aBuilding, Iron and steel. | ||
| 650 | _aConcrete construction. | ||
| 999 |
_c1310 _d1310 |
||